000 00757nam a22001937a 4500
003 0
005 20250129102710.0
008 150923b xxu||||| |||| 00| 0 eng d
050 _aPGS BF 698.9.B5
_b.C545 2015
100 _aChoi, Jun Ho.
245 _aBirth order and stress management /
_cJun Ho Choi.
260 _aLas PiƱas City, Philippines :
_bSouthville International School and Colleges,
_c2015.
300 _a30 p. :
_bcol. ill.;
_c28 cm.
_fPASS
504 _aIncludes bibliographical references.
650 _2Library of Congress Subject Headings
_aBirth order
_vPsychological aspects.
650 _2Library of Congress Subject Headings
_aStress management in children.
650 _aElementary school students
_vPsychology.
942 _2lcc
_cPASS
999 _c288715
_d288715